| 000 | 00376nam a22001577a 4500 | ||
|---|---|---|---|
| 003 | OSt | ||
| 005 | 20211112155506.0 | ||
| 008 | 211112b |||||||| |||| 00| 0 eng d | ||
| 020 | _a0333655966 | ||
| 040 |
_aHU _cDDC |
||
| 082 | _a320.5315/MAR | ||
| 245 | _aMARXISM AND SOCIAL SCIENCE | ||
| 260 |
_aENGLAND _bMACMILLAN _c1999 |
||
| 300 | _aix,372P,15CM | ||
| 942 |
_2ddc _cBOOKS _n0 |
||
| 999 |
_c18041 _d18041 |
||